Представление документа в формате RUSMARC

ПолеНазваниеЗначение
  Тип записи a
  Библиографический уровень m
001 Контрольный номер RU/REG73/CBS_GRAD/654539845
005 Дата корректировки 20221122154909.4
010 Индекс ISBN __
a ISBN 5-08-001843-7
101 Язык документа __
a Язык текста rus
200 Заглавие и сведения об ответственности __
a Заглавие Художники Виктор и Апполинарий Васнецовы
f Первые сведения об ответственности Лидия Степановна Кудрявцева
b Общее обозначение материала Текст
203 Вид содержания и тип средства __
a Вид содержания Текст (визуальный) : непосредственный
210 Выходные данные __
a Место издания Москва
c Издательство Детская литература
d Дата издания 1991
215 Физическое описание __
a Объем 111 с.
c Иллюстрации/тип воспроизводства ил.
610 Ключевые слова __
a Ключевые слова для младшего школьного возраста
686 Индексы других классификаций __
a Классификационный индекс 85.143(2)
700 Автор __
a Фамилия Кудрявцева
g Полное личное имя Лидия Степановна
801 Источник записи _0
a Страна RU
b Организация RuCBSGrad
g Правила каталогизации PSBO
801 Источник записи _1
a Страна RU
b Организация RuCBSGrad
g Правила каталогизации PSBO
901 Тип документа __
t Тип документа m
981 __
b i
g e
2 isbdcontent
982 __
b n
2 isbdmedia
993 __
a 16600
b 6879
c Ретро
e 152032
f ЦГДБ
h 2.80
i 152032
m 1
n 44101.57853
o I
x 1
y 1
z 85.143(2)